000 00722nam a22002057a 4500
999 _c10166
_d10166
003 AR-CdUCM
008 190329b ||||| |||| 00| 0 spa d
040 _aMUNICIPALIDAD PROVINCIAL DEL CUSCO
_cBIBLIOTECA MUNICIPAL DEL CUSCO
082 _a346 /
_bP13 / 1860
100 _aPacheco, Toribio
_926864
245 _aTratado de derecho civil /
260 _aLima :
_bEstablecimiento tipografico de aurelio alfaro y Ca,
_c1860
300 _aV, 338 paginas, XL ;
_c21 cm.
505 _aContenido: La ley -- la costumbre -- del estado de las personas -- derecho de familia -- anulacion del matrimonio
650 _aDerecho
_9739
650 _aCivil
_918612
650 _aLeyes
_94808
942 _2ddc
_cLIBROS
945 _apjha